| 000 | 00800cam a2200253 4500 | ||
|---|---|---|---|
| 001 | 20461 | ||
| 003 | BD-RjUL | ||
| 005 | 20211209000552.0 | ||
| 008 | 140203s1971 le b 000 0 eng d | ||
| 035 | _a(BD-RjUL)20523 | ||
| 040 |
_aDLC _cDLC _dDLC _beng |
||
| 041 | _aeng | ||
| 082 | 0 | 0 |
_a809.2 _bMES V-1 1971 |
| 100 | 1 |
_aMetwally, Abdalla A. _963096 |
|
| 245 | 1 | 0 |
_aStudies in modern drama / _cby Abdalla A. Metwally. _nVol 1 |
| 260 |
_aBeirut : _bBeirut Arab University, _c1971 |
||
| 300 |
_ax,142p. ; _c20 cm. |
||
| 504 | _aIncludes bibliographies. | ||
| 505 | 1 | _av. 1. [without special title]. --v. 4. Antonin Artaud's theatre / by Zeinab M. Raafat. | |
| 650 | 0 |
_aDrama _y20th century _xHistory and criticism. _963097 |
|
| 942 |
_2ddc _cBK |
||
| 999 |
_c20461 _d20461 |
||